The Financial Times Handbook of Corporate Finance : A Business Companion to Financial Markets and Decisions (Record no. 10295)
[ view plain ]
| 000 -LEADER | |
|---|---|
| fixed length control field | 00575nmm a22001577a 4500 |
| 003 - CONTROL NUMBER IDENTIFIER | |
| control field | OSt |
| 005 - DATE AND TIME OF LATEST TRANSACTION | |
| control field | 20240516113823.0 |
| 006 - FIXED-LENGTH DATA ELEMENTS--ADDITIONAL MATERIAL CHARACTERISTICS | |
| fixed length control field | eBook |
| 008 - FIXED-LENGTH DATA ELEMENTS--GENERAL INFORMATION | |
| fixed length control field | 240516b |||||||| |||| 00| 0 eng d |
| 040 ## - CATALOGING SOURCE | |
| Transcribing agency | MRSPTU |
| 100 ## - MAIN ENTRY--PERSONAL NAME | |
| Personal name | Glen Arnold |
| 245 ## - TITLE STATEMENT | |
| Title | The Financial Times Handbook of Corporate Finance : A Business Companion to Financial Markets and Decisions |
| 600 ## - SUBJECT ADDED ENTRY--PERSONAL NAME | |
| Source of heading or term | Management |
| 856 ## - ELECTRONIC LOCATION AND ACCESS | |
| Materials specified | Click here to access the e-book |
| Uniform Resource Identifier | <a href="https://ebookcentral.proquest.com/lib/gzsptuc/detail.action?docID=5174162&query=Financial+Times+Handbook+of+Corporate+Finance">https://ebookcentral.proquest.com/lib/gzsptuc/detail.action?docID=5174162&query=Financial+Times+Handbook+of+Corporate+Finance</a> |
| 942 ## - ADDED ENTRY ELEMENTS (KOHA) | |
| Source of classification or shelving scheme | Dewey Decimal Classification |
| Koha item type | eBook |
| Suppress in OPAC | Yes |
| Withdrawn status | Lost status | Source of classification or shelving scheme | Damaged status | Not for loan | Home library | Current library | Date acquired | Total checkouts | Barcode | Date last seen | Price effective from | Koha item type |
|---|---|---|---|---|---|---|---|---|---|---|---|---|
| Dewey Decimal Classification | MRSPTU Central Library | MRSPTU Central Library | 05/16/2024 | E-81 | 05/16/2024 | 05/16/2024 | eBook |
